000 00425nmm a2200157Ia 4500
008 251105s9999||||xx |||||||||||||||||und||
020 _a9789942843227
041 _aspa
100 _aVV. AA.
245 0 _aFanescas secretos y tradiciones
264 _a[Quito, Ecuador] :
_bUniversidad UTE,
_c2023
300 _a62 páginas
650 _aCooking
856 _uhttps://public.digitaliapublishing.com/a/160303
942 _cCF
999 _c97827
_d97827